Dīwān al-Muʾayyad fī al-Dīn Dāʻī al-Duʻāh /

Saved in:

Main Author: Muʼayyad fī al-Dīn Hibat Allāh ibn Mūsá, -1077 or 1078 (Author)

Other Authors: Ḥusayn, Muḥammad Kāmil.

Format: Book

Language: Arabic

Published: al-Qāhirah : Dār al-Kātib al-Miṣrī, 1949.

Edition: al-Tạbʻah 1.

Subjects:

Tags: Add Tag

No Tags, Be the first to tag this record!

Call Number: PJ7755 .S43 A17 1949

LEADER 01390nam a2200277Ia 4500
003 OSt
005 20231120084727.0
008 130303s1949 ua b 001 p ara d
952 |0 0  |1 0  |2 lcc  |4 0  |6 PJ7755 S43 A17 01949  |7 1  |9 56359  |a ARCE  |b ARCE  |d 2023-11-20  |l 0  |o PJ7755 .S43 A17 1949  |p 1023042  |r 2023-11-20 00:00:00  |w 2023-11-20  |y BK 
999 |c 26372  |d 26372 
040 |c ARCE Library 
050 4 |a PJ7755 .S43 A17 1949 
100 1 |6 880-01  |a Muʼayyad fī al-Dīn Hibat Allāh ibn Mūsá,  |d -1077 or 1078,  |e author 
240 1 0 |a Poems 
245 1 0 |6 880-02  |a Dīwān al-Muʾayyad fī al-Dīn Dāʻī al-Duʻāh /   |c taqdīm wa-taḥqīq Muḥammad Kāmil Ḥusayn. 
250 |a al-Tạbʻah 1. 
264 1 |a al-Qāhirah :   |b Dār al-Kātib al-Miṣrī,   |c 1949. 
300 |a 11, 372 pages ;   |c 25 cm. 
500 |a Followed by the author's autobiography entitled al-Sīrah al-Muʾayyadīyah, edited by Muḥammad Kāmil Ḥusayn. 
504 |a Includes bibliographical references (pages [369]-371) and indexes. 
650 0 |a Arabic poetry  |y 750-1258. 
700 1 |a Ḥusayn, Muḥammad Kāmil. 
880 1 |6 100-01/(3/r  |a  مؤيد في الدين هبة الله بن موسى  |d -1077 أو 1078.‪‪‪‪‪‪‪‪‪‪ 
880 1 0 |6 245-02/(3/r  |a ديوان المؤيد في الدين داعي الدعاة   |c تقديم و تحقيق محمد كامل حسين 
901 |a reviewed 
942 |c BK  |2 lcc